000
00284nam a2200097Ia 4500
008
220204s9999 xx 000 0 und d
082
_a
NR:063PRE 1983
_b
RRM
245
0
_a
Planters Conference, 17-19 October 1983, Kuala Lumpur, Malaysia
260
_a
Kuala Lumpur
_b
RRIM
_c
1983
942
_c
BK
999
_c
43405
_d
43405